000 02136nam a22002777a 4500
999 _c60631
_d60631
003 Ge_BSU
005 20230925161533.0
008 230925s2004 ge ||||| |||| 00| 0 geo d
020 _a999403118X
041 _ageo
080 _a82.0(479.22)(09)+929(479.22) გ-25
245 _aგახსოვდეს წასული კოლეგები = Memento collegas abitos /
_cივ. ჯავახიშვილის სახ. თბილ. უნ-ტი, კლასიკური ფილოლოგიის, ბიზანტინისტიკისა და ნეოგრეცისტიკის ინ-ტი ; რედ. ვალერი ასათიანი.
264 _aთბილისი :
_b ლოგოსი,
_c 2004.
300 _a105 გვ. :
_bფოტ. ;
_c20 სმ.
440 _x
_919916
490 _aპროგრამა "ლოგოსი": პუბლიკაციები და ღონისძიებები კლასიკური ფილოლოგიის, ბიზანტინისტიკისა და ნეოგრეცისტიკის სფეროში
500 _aყდა ლათ. ენაზე.
653 _aქართველი ფილოლოგები
653 _aცნობილ ქართველ ადამიანთა ბიოგრაფიები.
700 _aასათიანი, ვალერი
_e ავტორი, რედაქტორი.
_919917
700 _aგიორგობიანი, თინათინ
_eავტორი
_919918
700 _aგორდეზიანი, რისმაგ
_e ავტორი
_919919
700 _aჯაფარიძე, თამარ და სხვ.
_eავტორი
_919920
710 _aივ. ჯავახიშვილის სახ. თბილ. უნ-ტი.
_bკლასიკური ფილოლოგიის, ბიზანტინისტიკისა და ნეოგრეცისტიკის ინ-ტი
_919921
942 _2udc
_cBK